| 000 | 00582nam a2200193 a 4500 | ||
|---|---|---|---|
| 001 | 000044103 | ||
| 005 | 20201002045141.0 | ||
| 008 | 140516s1996 sp 000 0 spa d | ||
| 020 | _a8448301293 | ||
| 040 |
_aDO-SdBNP _bspa _cBNPHU |
||
| 100 | 1 |
_aEsposito, John L. _972094 |
|
| 240 | 1 | 0 | _aThe Islamic |
| 245 | 1 | 3 |
_aEl Desafío Islámico : _bmito o realidad? / _cJohn L. Esposito ; traducción de Salustiano Masó. |
| 260 |
_aMadrid : _bAcento, _c1996. |
||
| 300 |
_a305 p. ; _c23 cm. |
||
| 490 | 1 | _aSignomás | |
| 700 | 1 | 2 |
_aMasó, Salustiano _etr. _929539 |
| 830 | 0 |
_aAcento, _972095 |
|
| 999 |
_c43592 _d43592 |
||